Mecánica de Fluidos (Record no. 14248)
[ view plain ]
| 000 -CABECERA | |
|---|---|
| campo de control de longitud fija | 01514nam a2200301 4500 |
| 003 - IDENTIFICADOR DEL NÚMERO DE CONTROL | |
| campo de control | EC-UNACH |
| 005 - FECHA Y HORA DE LA ÚLTIMA TRANSACCIÓN | |
| campo de control | 20251204124509.0 |
| 006 - CÓDIGOS DE INFORMACIÓN DE LONGITUD FIJA--CARACTERÍSTICAS DEL MATERIAL ADICIONAL | |
| campo de control de longitud fija | s||||gr|||| 00| 00 |
| 008 - DATOS DE LONGITUD FIJA--INFORMACIÓN GENERAL | |
| campo de control de longitud fija | 150116t9999 mx r gr 000 0 spa d |
| 020 ## - NÚMERO INTERNACIONAL ESTÁNDAR DEL LIBRO | |
| Número Internacional Estándar del Libro | 978-970-817-040-6 |
| 040 ## - FUENTE DE LA CATALOGACIÓN | |
| Centro catalogador/agencia de origen | EC-UNACH |
| Centro/agencia transcriptor | EC-UNACH |
| 041 ## - CÓDIGO DE LENGUA | |
| Código de lengua del texto/banda sonora o título independiente | spa |
| 082 04 - NÚMERO DE LA CLASIFICACIÓN DECIMAL DEWEY | |
| Número de edición | 23 |
| Número de clasificación | 620 |
| Número de documento/Ítem | L018423 |
| 110 ## - ENTRADA PRINCIPAL--NOMBRE DE ENTIDAD CORPORATIVA | |
| Nombre de entidad corporativa o nombre de jurisdicción como elemento de entrada | Grupo Editorial Patria |
| 245 ## - MENCIÓN DE TÍTULO | |
| Título | Mecánica de Fluidos |
| 250 ## - MENCIÓN DE EDICIÓN | |
| Mención de edición | Octava Edición |
| 264 ## - Producción, publicación, distribución, fabricación y copyright | |
| Lugar de producción, publicación, distribución, fabricación | Mexico |
| Nombre del de productor, editor, distribuidor, fabricante | Grupo Editorial Patria |
| Fecha de de producción, publicación, distribución, fabricación o copyright | 2005 |
| 300 ## - DESCRIPCIÓN FÍSICA | |
| Extensión | 727 |
| 505 ## - NOTA DE CONTENIDO CON FORMATO | |
| Nota de contenido con formato | Capítulo 01. Introducción -- Capítulo 02. Propiedades de los fluidos -- Capítulo 03. Estática de los fluidos -- Capítulo 04. Fluidos que fluyen con variación (gradiente) de presión -- Capítulo 05. Enfoque del volumen de control y ecuación de continuidad -- Capítulo 06. Principio de la cantidad de movimiento -- Capítulo 07. Principio de energía -- Capítulo 08. Análisis dimensional y similitud -- Capítulo 09. Resistencia de superficie -- Capítulo 10 Flujo en conductos -- Capítulo 11. Arrastre y sustentación Capítulo 12. Flujo compresible -- Capítulo 13. Mediciones de flujo -- Capítulo 14. Turbo maquinaria -- Capítulo 15. Flujo variado en canales abiertos -- Apéndice. |
| 650 ## - PUNTO DE ACCESO ADICIONAL DE MATERIA--TÉRMINO DE MATERIA | |
| Término de materia o nombre geográfico como elemento inicial | MECANICA DE FLUIDOS |
| 650 ## - PUNTO DE ACCESO ADICIONAL DE MATERIA--TÉRMINO DE MATERIA | |
| Término de materia o nombre geográfico como elemento inicial | VISCOCIDAD |
| 650 ## - PUNTO DE ACCESO ADICIONAL DE MATERIA--TÉRMINO DE MATERIA | |
| Término de materia o nombre geográfico como elemento inicial | ELASTICIDAD |
| 700 ## - PUNTO DE ACCESO ADICIONAL--NOMBRE DE PERSONA | |
| Nombre de persona | Clayton T. Crowe; Donald F. Elger; John A. Roberson |
| 942 ## - ELEMENTOS DE PUNTO DE ACCESO ADICIONAL (KOHA) | |
| Fuente del sistema de clasificación o colocación | Clasificación Decimal Dewey |
| Tipo de ítem Koha | Libros |
| 999 ## - NÚMEROS DE CONTROL DE SISTEMA (KOHA) | |
| Koha biblionumber | 14248 |
| Estado de pérdida | Fuente del sistema de clasificación o colocación | Estado dañado | No para préstamo | Localización permanente | Ubicación/localización actual | Ubicación en estantería | Fecha de adquisición | Fuente de adquisición | Número de inventario | Total de préstamos | Signatura topográfica completa | Código de barras | Fecha visto por última vez | Precio válido a partir de | Tipo de ítem Koha | Centro de costos |
|---|---|---|---|---|---|---|---|---|---|---|---|---|---|---|---|---|
| Clasificación Decimal Dewey | Biblioteca Campus Norte | Biblioteca Campus Norte | Facultad de Ingeniería - Generalidades | 04/12/2025 | Transitoria segunda Resolución N°0311-CU-UNACH-SE-ORD-16-09-24 | 39933330 | 620 CRO L018423 | L018423 | 04/12/2025 | 04/12/2025 | Libros |